Provinces of Turkey - Statistics

General Stats
  • This quiz has been taken 59 times
  • The average score is 50 of 81
Answer Stats
Answer % Correct
Istanbul
87%
Ankara
85%
Antalya
82%
Adana
79%
Izmir
79%
Edirne
77%
Bursa
74%
Diyarbakır
72%
Samsun
72%
Van
72%
Ağrı
69%
Batman
69%
Gaziantep
69%
Mardin
69%
Muğla
69%
Adıyaman
67%
Aydın
67%
Çanakkale
67%
Hatay
67%
Konya
67%
Mersin
67%
Trabzon
67%
Yozgat
67%
Zonguldak
67%
Malatya
64%
Ordu
64%
Siirt
64%
Şırnak
64%
Tekirdağ
64%
Artvin
62%
Balıkesir
62%
Bolu
62%
Hakkâri
62%
Karaman
62%
Kars
62%
Kastamonu
62%
Nevşehir
62%
Osmaniye
62%
Rize
62%
Tokat
62%
Yalova
62%
Amasya
59%
Bingöl
59%
Çankırı
59%
Çorum
59%
Elazığ
59%
Erzincan
59%
Erzurum
59%
Manisa
59%
Niğde
59%
Sinop
59%
Sivas
59%
Tunceli
59%
Uşak
59%
Ardahan
56%
Bartın
56%
Denizli
56%
Düzce
56%
Giresun
56%
Iğdır
56%
Isparta
56%
Kırıkkale
56%
Kırklareli
56%
Muş
56%
Sakarya
56%
Şanlıurfa
56%
Aksaray
54%
Bilecik
54%
Karabük
54%
Kayseri
54%
Kocaeli
54%
Bayburt
51%
Bitlis
51%
Gümüşhane
51%
Kırşehir
51%
Kütahya
51%
Afyonkarahisar
49%
Burdur
49%
Kahramanmaraş
49%
Kilis
49%
Ekişehir
3%
No matching quizzes found
Score Distribution
Percent of People with Each Score
Percentile by Number Answered
Your Score History
You have not taken this quiz